00851nam a2200229Ia 450000500170000000800410001702000150005804000180007304100080009106000130009924500890011226000580020130000170025949000840027665000630036065000170042365000420044070000320048270000400051470000350055470000320058920211111074838.0130821s1998 ck gr spa  a9588084040 aCo-BoUCMbspa00aspa aWY 157.600aLimitaciones en la actividad físicacMaría Consuelo Gaitán Angueyra...[et al.] aBogotá (Colombia)bInstituto de Seguro Socialc1998 a45 páginas aGuía de Intervención en Enfermería basada en la Evidencia Científicav404aDispositivos de autoayuda para personas con discapacidades04aEnfermería04aPersonas con discapacidades físicas1 aCarrillo Algarra, Ana Julia1 aGaitán Angueyra, María Consuelo1 aRodríguez de López, Leonor1 aVega León, Jorge Hernán